01417njm a2200313Ia 450000100060000000300090000600500170001500800410003204000130007304000130008604100130009910000200011210000180013210000370015024500240018725000110021126000110022226000610023330000100029430000300030450000490033450501950038365000520057870000830063070000870071370001070080070001330090770000630104082664IT-RoPAU20220918181145.0131025s9999 xx 000 0 und d aIT-RoPAU cIT-RoPAU aITALIANO aFinardi Eugenio eAutore musica gCodice autore musica SPICS: 9815 aVento di Elora (Il) a1a ed. aTORINO bFONIT CETRAc1989 [1a Ed.:1989 - Ed. Lingua Orig.: 1989] aDISCO c41 minuti (Testo: 0 pag.) aMusica leggera. Canzone italiana. Cantautore aFavola - La mia vita senza te - Il treno - Il fiume (6:00) - Vil Coyote (4:00) - Come in uno specchio (8:00) - The Portage Philosophy - Il vento di Elora (5:00) - L'albero delle spade (6:00) aCANTAUTORI [DISCHI]eCodice MATERIA SPICS: 9950 aFinardi EugenioeAutore testo e musicagCodice autore testo/musica SPICS: 9815 aSalerno A.eAutore testo/musicagCodice autore testo/musica SPICS: 14302pIl fiume aBeauvais RichardeAutore testo/musicagCodice autore testo/musica SPICS: 28657pThe Portage Philosophy aCosma VittorioeAutoregCodice autore SPICS: 14411pVil Coyote - Come in uno specchio - Il vento di Elora - L'albero delle spade aFinardi EugeniogCodice interprete SPICS: 9815eInterprete